header

DB2 UDB backup and recovery with ESS copy services (Record no. 107134)

MARC details
000 -LEADER
fixed length control field 01563nam a22003854a 4500
100 1# - MAIN ENTRY--AUTHOR NAME
Personal name Gu, Lijun.
245 10 - TITLE STATEMENT
Title DB2 UDB backup and recovery with ESS copy services
250 ## - EDITION STATEMENT
Edition statement 1st ed.
260 ## - PUBLICATION, DISTRIBUTION, ETC. (IMPRINT)
Place of publication San Jose, Calif. :
Name of publisher IBM Corp., International Technical Support Organization,
Year of publication 2002.
300 ## - PHYSICAL DESCRIPTION
Number of Pages xiv, 124 p. :
Other physical details ill.
490 1# - SERIES STATEMENT
Series statement IBM redbooks
500 ## - GENERAL NOTE
General note "August 2002."
650 #0 - SUBJECT ADDED ENTRY--TOPICAL TERM
Topical Term Database management.
Topical Term Electronic data processing
Topical Term Data recovery (Computer science)
700 1# - ADDED ENTRY--PERSONAL NAME
Personal name Bhatnagar, Tarun.
Personal name Ha, YunCheol.
856 40 - ELECTRONIC LOCATION AND ACCESS
Uniform Resource Identifier http://site.ebrary.com/lib/rucke/Doc?id=10112730

No items available.

© 2026 Rongo University
Contact us: librarian | system librarian | Rongo university